Southville International School and Colleges
Your cart is empty.
  • Cart
  • Lists
    Public lists Eva Luna New books Lux_list list_1
    Your lists Log in to create your own lists
  • Log in to your account
  • Your cookies
  • Search history
Southville International School and Colleges
  • Advanced search
  • Recent comments
  • Most popular
  • Libraries

Log in to your account

Log in with GOOGLE


If you do not have an external account, but do have a local account, you can still log in:

  1. Home
  2. MARC view: Nutrient timing for peak performance /
Normal view MARC view ISBD view

Nutrient timing for peak performance / (Record no. 24874)

[ view plain ]
MARC details
000 -LEADER
fixed length control field 00563nam a2200193 a 4500
005 - DATE AND TIME OF LATEST TRANSACTION
control field 20140310183546.0
008 - FIXED-LENGTH DATA ELEMENTS--GENERAL INFORMATION
fixed length control field 111025s19uu xx 00 eng d
020 ## - INTERNATIONAL STANDARD BOOK NUMBER
International Standard Book Number 0736087648
020 ## - INTERNATIONAL STANDARD BOOK NUMBER
International Standard Book Number 9780736087643
050 ## - LIBRARY OF CONGRESS CALL NUMBER
Classification number TX 361.A8
Item number .Sk57 2010
100 ## - MAIN ENTRY--PERSONAL NAME
Personal name Skolnik, Heidi
245 ## - TITLE STATEMENT
Title Nutrient timing for peak performance /
Statement of responsibility, etc Heidi Skolnik, Andrea Chernus.
260 ## - PUBLICATION, DISTRIBUTION, ETC. (IMPRINT)
Place of publication, distribution, etc Illinois :
Name of publisher, distributor, etc Human Kinetics,
Date of publication, distribution, etc 2010.
300 ## - PHYSICAL DESCRIPTION
Extent 237 p. :
Other physical details ill. ;
Dimensions 26 cm.
650 ## - SUBJECT ADDED ENTRY--TOPICAL TERM
Topical term or geographic name as entry element Athletes
General subdivision Nutrition
700 ## - ADDED ENTRY--PERSONAL NAME
Personal name Chernus, Andrea
942 ## - ADDED ENTRY ELEMENTS (KOHA)
Koha item type Books
Source of classification or shelving scheme Library of Congress Classification
Call number prefix Foreign
Holdings
Withdrawn status Lost status Source of classification or shelving scheme Damaged status Home library Current library Shelving location Date acquired Source of acquisition Total Checkouts Full call number Barcode Date last seen Copy number Price effective from Koha item type
    Library of Congress Classification   College Library College Library General Circulation Section 01/08/2014 Donation   TX 361.A8 .Sk57 2010 C13597 05/15/2018 1 01/08/2014 Books

Nutrient timing for peak performance /

APA

Skolnik H., Chernus A., . (2010). Nutrient timing for peak performance. Illinois: Human Kinetics.

Chicago

Skolnik Heidi, Chernus Andrea, . 2010. Nutrient timing for peak performance. Illinois: Human Kinetics.

Harvard

Skolnik H., Chernus A., . (2010). Nutrient timing for peak performance. Illinois: Human Kinetics.

MLA

Skolnik Heidi, Chernus Andrea, . Nutrient timing for peak performance. Illinois: Human Kinetics. 2010.

  • Place hold
  • Print
  • Cite
  • Add to your cart (remove)
  • Save record
    BIBTEX Dublin Core MARCXML MARC (non-Unicode/MARC-8) MARC (Unicode/UTF-8) MARC (Unicode/UTF-8, Standard) MODS (XML) RIS
  • More searches
    Search for this title in:
    Other Libraries (WorldCat) Other Databases (Google Scholar) Online Stores (Bookfinder.com) Open Library (openlibrary.org)

Exporting to Dublin Core...

SOUTHVILLE LIBRARY

Southville International School and Colleges Library

1281 Tropical Ave. Cor. Luxembourg St., BF Homes International, Las Pinas City

Tel. No. 8256374 / 252358 Loc. 117/146

Powered by Koha